000 01770nam a2200397 i 4500
001 93151
003 FINmELB
005 20241217172156.0
006 m o u
007 cr cn|||||||||
008 221125s2016 ck a o 000 0 spa d
020 _a978-958-5400-06-1
_qdigital
035 _a(OCoLC)1355710318
040 _aFINmELB
_bspa
_erda
_cFINmELB
050 4 _aLC1091
_b.A267 2016
080 _a378
082 0 4 _a378.015
_223
100 1 _aAcosta Valdeleón, Wilson,
_eautor.
245 1 0 _aAutodiagnóstico de responsabilidad social de la universidad :
_bhacia la construcción de valor social compartido /
_cWilson Acosta Valdeleón, Diana Milena Carmona Muñoz, Dagoberto Castillo Reyes, Paola Milena Suárez Bocanegra.
264 1 _aBogotá :
_bUniversidad de la Salle,
_c2016.
300 _a1 recurso en línea (153 páginas) :
_bilustraciones
336 _atexto
_btxt
_2rdacontent/spa
337 _acomputadora
_bc
_2rdamedia/spa
338 _arecurso en línea
_bcr
_2rdacarrier/spa
588 _aDescripción basada en metadatos suministrados por el editor y otras fuentes.
590 _aRecurso electrónico. Santa Fe, Arg.: elibro, 2022. Disponible vía World Wide Web. El acceso puede estar limitado para las bibliotecas afiliadas a elibro.
650 4 _aEducación Superior
_xAspectos sociales
_zColombia.
650 4 _aResponsabilidad social de los negocios
_zColombia.
650 4 _aUniversidades
_xResponsabilidad social
_zColombia.
655 4 _aLibros electrónicos.
700 1 _aCarmona Muñoz, Diana Milena,
_eautor.
700 1 _aCastillo Reyes, Dagoberto,
_eautor.
700 1 _aSuárez Bocanegra, Paola Milena,
_eautor.
797 2 _aelibro, Corp.
856 4 0 _uhttps://elibro.net/ereader/politecnicointernacional/216228
999 _c93151
_d93151